Comuni provincia di Lecco - Statistics

Statistiche generali
  • Questo quiz è stato fatto 225 volte
  • Il punteggio medio è 46 su 85
Statistiche sulle risposte
Risposta % Corretto
Lecco
93%
Calolziocorte
77%
Merate
76%
Mandello del Lario
73%
Oggiono
72%
Valmadrera
72%
Abbadia Lariana
71%
Colico
70%
Bellano
68%
Olginate
67%
Pescate
67%
Ballabio
66%
Calco
66%
Galbiate
66%
Civate
65%
Barzio
64%
Dervio
64%
Airuno
63%
Barzanò
63%
Brivio
63%
Garlate
63%
Casatenovo
62%
Malgrate
62%
Primaluna
61%
Varenna
61%
Costa Masnaga
60%
Vercurago
60%
Annone Brianza
59%
Barzago
59%
Bosisio Parini
58%
Molteno
58%
Olgiate Molgora
58%
Osnago
57%
Dolzago
56%
Erve
55%
Lierna
55%
Oliveto Lario
55%
Pasturo
55%
Missaglia
54%
Morterone
53%
Paderno d'Adda
53%
Bulciago
52%
Esino Lario
52%
Introbio
52%
Monticello Brianza
52%
Carenno
51%
Castello di Brianza
51%
Cernusco Lombardone
51%
Cortenova
51%
Garbagnate Monastero
51%
Imbersago
51%
Ello
50%
Lomagna
50%
Premana
50%
Robbiate
50%
Suello
50%
Cassago Brianza
49%
Monte Marenzo
49%
Nibionno
49%
Moggio
48%
Santa Maria Hoè
48%
Sirtori
48%
Verderio
48%
Colle Brianza
47%
La Valletta Brianza
47%
Sirone
47%
Valgreghentino
47%
Casargo
46%
Montevecchia
46%
Cassina Valsassina
45%
Cesana Brianza
45%
Rogeno
42%
Cremeno
41%
Perledo
41%
Viganò
41%
Dorio
40%
Taceno
40%
Margno
39%
Pagnona
38%
Cremella
37%
Crandola Valsassina
34%
Valvarrone
34%
Parlasco
33%
Sueglio
32%
Vendrogno
23%
Nessun quiz corrispondente trovato
Distribuzione punteggi
Percentuale di utenti per punteggio
Percentile per numero di risposta
I tuoi punteggi nel tempo
Non hai fatto questo quiz